| 000 | 00408nam a2200157Ia 4500 | ||
|---|---|---|---|
| 008 | 230917s9999||||xx |||||||||||||| ||und|| | ||
| 040 |
_e195829 _aMAIN |
||
| 041 | _aEnglish | ||
| 082 | _a658.3 M582H(5) | ||
| 100 | _aMichael, V P | ||
| 245 | 0 | _aHuman resources management and human relations | |
| 250 | _a5th ed. | ||
| 260 |
_aMumbai _bHimalaya Publishing House _c2010 |
||
| 300 | _a777 p. | ||
| 942 | _cBK | ||
| 999 |
_c164824 _d164824 |
||